00486nam a22001692 4500001001100000005001700011008004100028020001700069040001500086100002900101245003900130250001200169260004300181300001500224650007400239852000300313000001994420151217152205.0110324s xx 000 0 eng d a8131725962 : aKABUcKABU1 aTull, Chris.@000017994610aWAP 2.0 development /cChris Tull. a1st ed. aNew Delhi :bPearson education,c2002. axv, 379 p. 0aWireless Application Protocol (Computer network protocol)@00001563481